000 00433nam a2200181Ia 4500
008 240510s9999 xx 000 0 und d
020 _a0000393018040
041 _aEng
082 _a004
082 _bS38
245 0 _aEngines of the mind : A history of the computer
260 _bW.W. Norton, New York
260 _c1984
300 _a352 p.
650 _aComputers : History of computers
942 _2ddc
942 _cLBK
999 _c25282
_d25282
945 _a1
_bMadushi Gamage
_c1
_dMadushi Gamage